000 00884nam a2200229Ii 4500
003 JO-AjNU
008 230605s9999||||xx |||||||||||||| ||und||
017 _a2020/16035
020 _a978-977-841-16035-7
040 _aJO-AjNU
_bara
_erda
_cJO-AjNU
041 _aara
050 1 4 _aK2390.F335.2021
100 3 _aفاضل، شروق عباس، م مشارك سيف رشيد لطيف ,
_eauthor
_961738
245 0 0 _aالنظام القانوني للوساطة وسيلة لحل المنازعات المدنية والتجارية
250 _aط1
264 3 1 _aالقاهرة: المركز العربي للنشر والتوزيع، 2021
300 _a526ص
336 _atext
_btxt
_2rdacontent
337 _aunmediated
_bn
_2rdamedia
338 _avolume
_bnc
_2rdacarrier
650 4 _aالمنازعات المدنية والتجارية-الواسطة-قانون
_961739
999 _aA27922
_c31490
_d31490